La Révolution et l'Empire (1789-1815). (Record no. 176260)

MARC details
000 -LEADER
campo de control de longitud fija 00886nam a2200277 i 4500
001 - NÚMERO DE CONTROL
campo de control 176260
003 - IDENTIFICADOR DE NÚMERO DE CONTROL
campo de control ES-MaACL
005 - FECHA Y HORA DE LA ÚLTIMA TRANSACCIÓN
campo de control 20250702193904.0
007 - CAMPO FIJO DE DESCRIPCIÓN FÍSICA--INFORMACIÓN GENERAL
campo de control de longitud fija t|
008 - DATOS DE LONGITUD FIJA--INFORMACIÓN GENERAL
campo de control de longitud fija 101228s1947 fr ||||1| fre d
080 ## - NÚMERO DE LA CLASIFICACIÓN DECIMAL UNIVERSAL
Número de la Clasificación Decimal Universal 94(44)"1789/1815"
080 ## - NÚMERO DE LA CLASIFICACIÓN DECIMAL UNIVERSAL
Número de la Clasificación Decimal Universal 929 Napoleón I
100 1# - ENTRADA PRINCIPAL--NOMBRE DE PERSONA
Nombre de persona Villat, Louis.
9 (RLIN) 115163
245 13 - MENCIÓN DEL TÍTULO
Título La Révolution et l'Empire (1789-1815).
Número de parte o sección de la obra II,
Nombre de parte o sección de la obra Napoléon (1799-1815) /
Mención de responsabilidad, etc. par Louis Villat.
250 ## - MENCION DE EDICION
Mención de edición 3e éd.
260 ## - PUBLICACIÓN, DISTRIBUCIÓN, ETC.
Lugar de publicación, distribución, etc. Paris :
Nombre del editor, distribuidor, etc. Presses Universitaires de France,
Fecha de publicación, distribución, etc. 1947.
300 ## - DESCRIPCIÓN FÍSICA
Extensión CVIII, 357 p. ;
Dimensiones 19 cm.
490 1# - MENCIÓN DE SERIE
Mención de serie Clio, introduction aux études historiques ;
Designación de volumen o secuencia 8
500 ## - NOTA GENERAL
Nota general Índice.
504 ## - NOTA DE BIBLIOGRAFÍA, ETC.
Nota de bibliografía, etc. Bibliografía: p. IL-CVIII.
546 ## - NOTA DE IDIOMA
Nota de lengua/lenguaje Texto en francés.
650 #4 - PUNTO DE ACCESO ADICIONAL DE MATERIA--TÉRMINO DE MATERIA
Término de materia o nombre geográfico como elemento de entrada
9 (RLIN) 241200
830 0# - PUNTO DE ACCESO ADICIONAL DE SERIE-TÍTULO UNIFORME
Título uniforme Clio, introduction aux études historiques ;
Designación de volumen o secuencia 8
9 (RLIN) 189992
852 ## - LOCALIZACIÓN
Ubicación ES-MaACL
Número de control de estantería E-13923
Encuadernación Olim P-671
Holdings
Estatus retirado Estado de pérdida Estado de daño No para préstamo Biblioteca de origen Biblioteca actual Ubicación en estantería Fecha de adquisición Fuente de adquisición Total de préstamos Signatura topográfica completa Código de barras Visto por última vez Precio de reemplazo Tipo de ítem Koha
        Biblioteca del Ateneo de Madrid Biblioteca del Ateneo de Madrid Depósito 2 28/12/2010     E-13923 1185112 23/02/2023 23/02/2023 Libro impreso